000 00680nam a2200229Ia 4500
003 OSt
005 20220124140200.0
008 210716s2004 xx 000 0 und d
020 _a8178814013
040 _cAIMIT LIBRARY
041 _aeng
082 _a332.04154
_21
_bSUBV
100 _aSubbulakshmi, V.
_913924
245 _aVenture capital industry :
_ban introduction /
_cEdited by V Subbulakshmi
250 _a[1st ed.]
260 _aHyderabad:
_bICFAI University Press,
_c2004.
300 _ax, 185p. ;A15;22cm.
650 _aAn introduction
_913925
650 _aIndian scenario
_913926
650 _aGlobal experiences
_913927
942 _2ddc
_cBK
_e1
_k332.04154 SUBV
999 _c199677
_d199677